000 00498nam a22001817a 4500
003 CEME
005 20210628202521.0
008 210121b xxu||||| |||| 00| 0 eng d
020 _a0-471-34540-7
040 _cceme
082 _a610.28 BRU
100 _aBruce , Eugene . C
_960270
245 _aBiomedical signal processing and signal modeling
260 _aNEW YORK
_bJOHN WILEY
_c2001
300 _aXIV,520P
650 _aSIGNAL PROCESSING.BIOMEDICAL ENGINEERING.
_960271
942 _cBK
_2ddc
999 _c570044
_d570044